Centrum zdravia
Saved in:
| Main Author: | |
|---|---|
| Other Authors: | |
| Format: | Manuscript Book |
| Language: | Slovak |
| Published: |
2019
|
| Subjects: | |
| Online Access: | http://is.stuba.sk/zp/portal_zp.pl?podrobnosti=152857 https://opac.crzp.sk/?fn=detailBiblioForm&sid=3BEC39B52C756B70CD0215A5CC71 |
| Tags: |
No Tags, Be the first to tag this record!
|
MARC
| LEADER | 00000ntm a22000003a 4500 | ||
|---|---|---|---|
| 001 | stuzp74823 | ||
| 003 | SK-STU | ||
| 005 | 20230608134743.9 | ||
| 007 | ta | ||
| 008 | 150427s2015----xo-----f-mn---000-0-slo-d | ||
| 040 | |a STU |b slo | ||
| 041 | 0 | |a slo | |
| 100 | 1 | |a Nagyová, Judita |u 010180 |k Z4 |4 aut |U SvF Stavebná fakulta |T SvF Katedra konštrukcií pozemných stavieb |X 42195 |U V180 |Y 18 |7 42195 | |
| 242 | 0 | 1 | |a Health Center |y eng |
| 245 | 1 | 0 | |a Centrum zdravia |
| 260 | |c 2019 | ||
| 650 | 4 | |a Centrum zdravia |2 slo | |
| 650 | 4 | |a budova |2 slo | |
| 650 | 4 | |a šamorín |2 slo | |
| 650 | 4 | |a Šamorín |2 eng | |
| 650 | 4 | |a Health Center |2 eng | |
| 650 | 4 | |a ambulance |2 eng | |
| 700 | 1 | |a Ingeli, Rastislav |u 010180 |k Z1 |4 ths |U SvF Stavebná fakulta |T SvF Katedra konštrukcií pozemných stavieb |X 23863 |U V180 |Y 18 |7 A000023863 | |
| 856 | 4 | |u http://is.stuba.sk/zp/portal_zp.pl?podrobnosti=152857 | |
| 856 | 4 | |u https://opac.crzp.sk/?fn=detailBiblioForm&sid=3BEC39B52C756B70CD0215A5CC71 | |